LIBRARY & INFORMATION CENTRE, KCAET, TAVANUR

ONLINE PUBLIC ACCESS CATALOGUE (OPAC)

Nuclear energy and its uses in peace / (Record no. 7551)

MARC details
000 -LEADER
fixed length control field 00424cam a2200157ua 4500
041 ## - LANGUAGE CODE
Language code of text/sound track or separate title eng
082 ## - DEWEY DECIMAL CLASSIFICATION NUMBER
Classification number 539.7
Item number WEN/NU
100 ## - MAIN ENTRY--AUTHOR NAME
Personal name Wendt, Gerald .
245 ## - TITLE STATEMENT
Title Nuclear energy and its uses in peace /
250 ## - EDITION STATEMENT
Edition statement 1 /
260 ## - PUBLICATION, DISTRIBUTION, ETC. (IMPRINT)
Place of publication Paris :
Name of publisher Educational Scientific and Cultural Organizations ,
Year of publication 1956.
300 ## - PHYSICAL DESCRIPTION
Number of Pages 76 ; .
942 ## - ADDED ENTRY ELEMENTS (KOHA)
Koha item type Books
Holdings
Withdrawn status Lost status Damaged status Home library Current library Date acquired Full call number Accession Number Koha item type
      KAUAET KAUAET 07/04/2012 539.7 WEN/NU 4088 Books
free website counter